| 000 | 02716nam a2200493 c 4500 | ||
|---|---|---|---|
| 001 | 21926 | ||
| 003 | ES-MaCES | ||
| 005 | 20150925134758.0 | ||
| 008 | 090224s2008 sp d rs o000 | spa d | ||
| 017 |
_aM 3722-2004 _bDL |
||
| 024 | 7 |
_a605-08-003-X _2nipo |
|
| 035 | _aCES20090002237m | ||
| 040 |
_aES-MaCES _bspa _cES-MaCES |
||
| 245 | 0 | 0 |
_aINEbase diciembre '08 _hRecurso electrónico _b: Boletín mensual de estadística (BME), diciembre 2008 ; Indicadores coyunturales : Índice de precios de consumo (IPC) base 2006, Índice de precios de consumo armonizado España (IPCA) base 2005, Índice de precios industriales base 2000 (IPRI), Índice de producción industrial base 2000 (IPI), Índices de comercio al por menor base 2005 (ICM) ; Encuesta sobre discapacidades, autonomía personal y situaciones de dependencia 2008 avance de resultados ; Encuesta trimestral de coste laboral ETCL serie 1º trim. 2000-3º trim. 2008 ; Índice de coste laboral armonizado ICLA serie 1º trim. 2000-3º trim. 2008 ; Pruebas de acceso a la universidad 2008 ; Encuesta de condiciones de vida 2007 _cInstituto Nacional de Estadística |
| 260 |
_aMadrid _bINE _c[2008] |
||
| 300 |
_a1 CD-ROM _c12 cm |
||
| 500 | _aTít. tomado de la etiqueta del CD-ROM | ||
| 500 | _aPubl. seriada mensual (ISSN 1697-3259), que concentra en un único soporte el Boletín mensual de estadística (BME) y todas las publ. electrónicas, tanto monografías como publ. periódicas, que se publican a lo largo del mes. A su vez, toda la información se mantiene y consolida en la base de datos INEbase, de acceso gratuito en internet | ||
| 500 | _aCaracterísticas del sistema: sistema operativo windows 95/98 | ||
| 541 | _cGratuito | ||
| 650 | 4 |
_afijación del precio _928285 |
|
| 650 | 4 |
_aprecio al consumidor _927914 |
|
| 650 | 4 |
_aproducción industrial _927653 |
|
| 650 | 4 |
_acomercio minorista _927952 |
|
| 650 | 4 |
_apersona con discapacidad _928689 |
|
| 650 | 4 |
_aautonomía de las personas con discapacidad _929665 |
|
| 650 | 4 |
_aasistencia a las personas de edad avanzada _927061 |
|
| 650 | 4 |
_acoste de la mano de obra _928283 |
|
| 650 | 4 |
_aexámen de admisión _929941 |
|
| 650 | 4 |
_acondiciones de vida _927111 |
|
| 650 | 4 |
_aEspaña _926964 |
|
| 650 | 4 |
_a2008 _931908 |
|
| 650 | 4 |
_aencuesta _928856 |
|
| 650 | 4 |
_adatos estadísticos _930765 |
|
| 650 | 4 |
_aCD ROM _930331 |
|
| 653 | 1 | 0 | _aEstadísticas |
| 650 | 4 |
_927434 _auniversidad |
|
| 710 | 2 |
_aInstituto Nacional de Estadística (España) _94273 |
|
| 787 | 0 |
_tINEbase enero '09 _w(ES-MaCES)22005 |
|
| 787 | 0 |
_tINEbase noviembre '08 _w(ES-MaCES)21925 |
|
| 902 | _aELE PUB. ELECTRONICA | ||
| 942 |
_2CES _cBK _h8.0. |
||
| 999 |
_c21926 _d21926 |
||